000 00512nam a2200145Ia 4500
008 231217s9999 xx 000 0 und d
041 _aEnglish
082 _a001.6424UML RAT.1;5
100 _aRational Software
245 0 _aDev 475 mastering object oriented analysis and design with UML V.1 student manual version 2003-06.00, part # 800-026320-000
260 _c2003
_bRational
300 _aREF-6
650 _aDev,475,mastering,object,oriented,UML,V.1,version,2003-06.00,,#,800-026320-000
942 _cAA
999 _c178902
_d178902